Astrology: (Record no. 153051)

MARC details
000 -LEADER
fixed length control field 00637nam a22001937a 4500
005 - DATE AND TIME OF LATEST TRANSACTION
control field 20180702143735.0
010 ## - LCCN (DPL NO)
LC control number B-161037
020 ## - INTERNATIONAL STANDARD BOOK NUMBER
International Standard Book Number 8126905569
Terms of availability 795.00
035 ## - SYSTEM CONTROL NUMBER
System control number B-161037
037 ## - SOURCE OF ACQUISITION
Source of stock number/acquisition Atlantic
082 ## - DEWEY DECIMAL CLASSIFICATION NUMBER
Classification number 133.5
100 ## - MAIN ENTRY--PERSONAL NAME
Personal name Jain,Sanat Kumar
245 ## - TITLE STATEMENT
Title Astrology:
Remainder of title a science or myth
Statement of responsibility, etc by Sanat Kumar Jain
260 ## - PUBLICATION, DISTRIBUTION, ETC. (IMPRINT)
Place of publication, distribution, etc New Delhi
Name of publisher, distributor, etc Atlantic
Date of publication, distribution, etc 2005
270 ## - ADDRESS
Address 7/22, Ansari Road, Darya Ganj, New Delhi-110002
City New Delhi
Postal code 110002
300 ## - PHYSICAL DESCRIPTION
Extent 439p.
Dimensions 22cm(pb)
942 ## - ADDED ENTRY ELEMENTS (KOHA)
Source of classification or shelving scheme Dewey Decimal Classification
Item type English Books
Classification part 133.5
Call number suffix JAI
Holdings
Withdrawn status Lost status Not for loan Collection code Home library Current library Date acquired Full call number Barcode Copy number Koha item type Public note Source of acquisition Cost, normal purchase price Cost, replacement price
      Non-fiction Patel Nagar Patel Nagar 12/10/2018 133.5 JAI b-161033   English Books   BPPD/Pub 0.00 0.00
      Non-fiction Sarojini Nagar Sarojini Nagar 02/07/2018 133.5 JAI B-161037 1 English Books Withdrawn List Prepared List No.1/5      

© Delhi Public Library
Hit Counter
free hit counter